000
00325nam a2200121Ia 4500
008
240624s9999 xx 000 0 und d
041
_a
eng
082
_a
650 ICF
100
_a
ICFAI CENTER FOR MANAGEMENT RESEARCH
245
_a
CORPORATE GOVERNANCE AT AHOLD
260
_c
2006
_a
Hyderabad
_b
ICFAI
300
_a
20 : p. : cm. ; 30
999
_c
11724
_d
11724